• 首页
  • 本馆介绍
  • 公告通知
  • 最新文献
  • 馆藏检索
  • 电子资源
  • 读者导购
  • 参考咨询
  • 我的图书馆
  • 登录
  • 详细信息显示
  • 放入我的书架
  • 预约/预借图书
  • 作者相关作品
  • 分类相关作品
  • 丛书相关作品
  • 出版社相关作品

书目信息

  • 表格格式
  • 工作单格式
  • 卡片格式
题名:
世界屋脊上的生命
    
 
作者: 刘务林 著
分册:  
出版信息: 北京   中国大百科全书出版社  2010
页数: 227页
开本: 24cm
丛书名:
单 册:
中图分类: S718.55
科图分类:
主题词: 森林生态系统--sen lin sheng tai xi tong--西藏
电子资源:
ISBN: 978-7-5000-8362-7
000 00889nam0 22002531 450
001 0124140228
005 20170324140228.0
010    @a978-7-5000-8362-7@dCNY45.00
100    @a20101024d2010 em y0chiy50 ea
101 0  @achi@aeng
102    @aCN@b110000
105    @aab z 000yy
106    @ar
200 1  @a世界屋脊上的生命@9shi jie wu ji shang de sheng ming@dLife on the world roof@e[中英文本]@f刘务林著@zeng
210    @a北京@c中国大百科全书出版社@d2010
215    @a227页@c彩照,地图@d24cm
300    @a中国西藏文化之旅
330    @a本书以图文并茂的形式详细介绍西藏的自然生态。提供和反映了西藏林业生态和生物多样性的信息和现状。
510 1  @aLife on the world roof@zeng
606 0  @a森林生态系统@9sen lin sheng tai xi tong@y西藏
690    @aS718.55@v5
701  0 @a刘务林@9liu wu lin@f(1953~)@4著
801  0 @aCN@bTANGWEI@c20170308
905    @b0962407-10@dS718.55@e98@f4
    
    世界屋脊上的生命=Life on the world roof:[中英文本]/刘务林著.-北京:中国大百科全书出版社,2010
    227页:彩照,地图;24cm
    中国西藏文化之旅
    
    ISBN 978-7-5000-8362-7:CNY45.00
    本书以图文并茂的形式详细介绍西藏的自然生态。提供和反映了西藏林业生态和生物多样性的信息和现状。
●
相关链接 在E读中查询图书 在五车中查询图书 在当当中查询图书 在豆瓣中查询图书


正题名:世界屋脊上的生命     索取号:S718.55/98         预约/预借

序号 登录号 条形码 馆藏地/架位号 状态 备注
1 0962407   209624076   第二样本阅览室/ [索取号:S718.55/98] 在馆    
2 0962408   209624085   第三借阅区/ [索取号:S718.55/98] 在馆    
3 0962409   209624094   第三借阅区/ [索取号:S718.55/98] 在馆    
4 0962410   209624101   第三借阅区/ [索取号:S718.55/98] 在馆    
唐山师范学院图书馆 欢迎您!
大连网信软件有限公司© 版权所有